000 00783nam a2200193 a 4500
005 20140412111338.0
008 050418s19uu xx 00 eng d
020 _a0-590-38673-5
050 _aTR(GS 428.2
_bT47 2000
100 _aTerban, Marvin
245 _aPunctuation power :
_bpunctuation and how to use it /
_cMarvin Terban.
260 _aNew York :
_bScholatic Inc.,
_c2000.
300 _a96 p. ; ill.
440 _aScholastic Guides
520 _aExplains the purpose and importance of punctuation and how it is used, covering apostrophes, colons, commas, exclamation points, hypens, parentheses, slashes, and more.
650 _aEnglish language
_xPunctuation
_xHandbooks, manuals, etc.
_xJuvenile literature
650 _aEnglish language
_xPunctuation
999 _c105080
_d105080